000 00643nam a2200205 a 4500
008
049 _aMAIN
090 _aTE145
_bSIN
100 1 _aSingh, Gurcharan
245 1 0 _aHighway engineering :
_b(for degree, diploma, A.M.I.E and Field engineers) /
_cGur Charan Singh and Jagdish Singh.
260 _aNai Sarak, Delhi :
_bStandard Publishers ,
_c1991.
300 _a716 p. :
_bill. ;
_c22 cm.
650 1 _aHighway engineering.
700 0 _a Singh, Jagdish.
907 _a.b1011340x
_b09-10-18
_c01-03-04
003
005 20230123133637.0
040 _cNUST
942 _cBOOKS
_kTE145
_mSIN
999 _c152156
_d152156